Fnaf Animatronics - Statistiques

Statistiques générales
  • Ce quiz a été pris 1 485 fois
  • Le résultat moyen est 23 sur 30
Statistiques - réponses
Par images Réponse % Correct
Toy Chica
99%
Bonnie
98%
Chica
98%
Funtime Chica
98%
Funtime Freddy
98%
Glamrock Chica
98%
Glamrock Freddy
98%
Golden Freddy
98%
Nightmare Freddy
98%
Toy Bonnie
98%
Toy Freddy
98%
Foxy
95%
Funtime Foxy
95%
Puppet
84%
Balloon Boy
83%
Cupcake
83%
Circus Baby
82%
Music Man
82%
Ballora
79%
Mangle
79%
Springtrap
75%
Lefty
55%
Freddy Fazbear
52%
Mr. Hippo
52%
Happy Frog
45%
Roxanne Wolf
42%
JJ
40%
Orville Elephant
35%
Montgomery Gator
34%
Pigpatch
24%
Aucun quiz correspondant
Distribution des résultats
% des personnes avec chaque résultat
Percentile par nombre de réponses
Votre historique - résultats
Vous n’avez pas pris ce quiz